[Event "Madrid San Viator op 24th"]
[Site "Madrid"]
[Date "2015.05.10"]
[Round "6"]
[White "Olias Ruiz, Enrique"]
[Black "Andres Rodriguez, Florencio"]
[Result "0-1"]
[WhiteElo "1207"]
[BlackElo "1542"]
[PlyCount "86"]
[EventDate "2015.03.22"]
[EventType "swiss"]
[EventRounds "9"]
[EventCountry "ESP"]
[SourceTitle "EXT 2016"]
[Source "ChessBase"]
[SourceDate "2015.10.08"]
[SourceVersion "1"]
[SourceVersionDate "2015.10.08"]
[SourceQuality "1"]

1. e4 c5 2. Bc4 e6 3. Nc3 Nc6 4. Nf3 d6 5. d3 a6 6. a3 b5 7. Ba2 g6 8. Be3 Bg7 9. Qd2 Nge7 10. Bg5 0-0 11. h3 Re8 12. 0-0-0 Qc7 13. Kb1 Rb8 14. Rde1 b4 15. axb4 cxb4 16. Na4 Bd7 17. Bb3 Na5 18. Nd4 Bxd4 19. Ka2 Nxb3 20. cxb3 Bxa4 21. Rc1 Bc6 22. Rc4 Qa5+ 23. Kb1 Bxb2 24. Qxb2 Qxg5 25. f3 Bb5 26. Rd4 d5 27. Rc1 Rec8 28. Rd1 Qf6 29. Rxb4 Qxb2+ 30. Kxb2 Rc7 31. Ka3 Nc6 32. Rc1 Rbc8 33. exd5 Nxb4 34. Rxc7 Rxc7 35. Kxb4 Bxd3 36. d6 Rd7 37. Kc5 Kf8 38. g3 Ke8 39. f4 Kd8 40. b4 Rb7 41. Kd4 Bf1 42. Kc5 Kd7 43. h4 Rb5+ 0-1

[Event "Madrid San Viator op 23rd"]
[Site "Madrid"]
[Date "2014.10.19"]
[Round "4"]
[White "Barahona Torrijos, Angel"]
[Black "Olias Ruiz, Enrique"]
[Result "1-0"]
[WhiteElo "1845"]
[BlackElo "1212"]
[PlyCount "47"]
[EventDate "2014.09.28"]
[EventType "swiss"]
[EventRounds "9"]
[EventCountry "ESP"]
[SourceTitle "EXT 2016"]
[Source "ChessBase"]
[SourceDate "2015.10.08"]
[SourceVersion "1"]
[SourceVersionDate "2015.10.08"]
[SourceQuality "1"]

1. e4 Nc6 2. Nc3 e5 3. Nf3 d6 4. d4 f6 5. h3 a6 6. Be3 b6 7. Be2 Nge7 8. 0-0 g6 9. Qd2 h5 10. Nd5 Bg7 11. Bc4 Bb7 12. dxe5 Nxe5 13. Nxe5 fxe5 14. Bg5 Bxd5 15. Bxd5 Rb8 16. Bc6+ Kf8 17. f4 Qc8 18. fxe5+ Kg8 19. Bxe7 Bxe5 20. Bd5+ Kh7 21. Rf7+ Bg7 22. Bf6 Rg8 23. Re7 g5 24. Qxg5 1-0

[Event "Madrid San Viator op 23rd"]
[Site "Madrid"]
[Date "2014.10.05"]
[Round "2"]
[White "Ortiz Alonso, Carlos"]
[Black "Olias Ruiz, Enrique"]
[Result "1-0"]
[WhiteElo "1349"]
[BlackElo "1212"]
[PlyCount "77"]
[EventDate "2014.09.28"]
[EventType "swiss"]
[EventRounds "9"]
[EventCountry "ESP"]
[SourceTitle "EXT 2016"]
[Source "ChessBase"]
[SourceDate "2015.10.08"]
[SourceVersion "1"]
[SourceVersionDate "2015.10.08"]
[SourceQuality "1"]

1. e4 Nc6 2. Nf3 d6 3. d4 g6 4. c4 Bg7 5. Nc3 Nf6 6. Be2 0-0 7. 0-0 Re8 8. d5 Ne5 9. Nxe5 dxe5 10. Re1 a6 11. a4 Qd6 12. Bg5 Qb6 13. Rb1 Bd7 14. Kh1 Qxf2 15. Rf1 Qb6 16. Qd2 Rad8 17. Be3 c5 18. b4 Nxe4 19. Nxe4 Bf5 20. bxc5 Qc7 21. Bf3 Rd7 22. Rb6 e6 23. d6 Qd8 24. Rfb1 Qh4 25. Qe1 Qxe1+ 26. Rxe1 Bxe4 27. Bxe4 f5 28. Rxb7 Rxb7 29. Bxb7 a5 30. c6 Bf6 31. c7 Bh4 32. Rd1 Kf7 33. Bc5 e4 34. d7 Rg8 35. c8Q Rxc8 36. dxc8Q h5 37. Qh8 Be7 38. Rd7 g5 39. Rxe7+ 1-0

[Event "Madrid San Viator op 22nd"]
[Site "Madrid"]
[Date "2014.06.01"]
[Round "9"]
[White "Hidalgo Prado, David"]
[Black "Olias Ruiz, Enrique"]
[Result "1/2-1/2"]
[WhiteElo "1448"]
[BlackElo "1209"]
[PlyCount "125"]
[EventDate "2014.03.23"]
[EventType "swiss"]
[EventRounds "9"]
[EventCountry "ESP"]
[SourceTitle "EXT 2015"]
[Source "ChessBase"]
[SourceDate "2014.11.20"]
[SourceVersion "1"]
[SourceVersionDate "2014.11.20"]
[SourceQuality "1"]

1. e4 e5 2. Nf3 Nc6 3. Bb5 Nf6 4. Qe2 Qe7 5. c3 a6 6. Ba4 b5 7. Bc2 h6 8. d3 d6 9. h3 g6 10. Be3 Bg7 11. Nbd2 Qe6 12. Bb3 Qe7 13. Nf1 0-0 14. Qd2 Kh7 15. g4 Nd7 16. Ng3 Nc5 17. Bc2 Qf6 18. Ke2 a5 19. g5 Qe6 20. gxh6 Bf6 21. Bg5 Rh8 22. Bxf6 Qxf6 23. d4 Ne6 24. d5 Nf4+ 25. Kd1 Ne7 26. Ng1 g5 27. Kc1 Kxh6 28. f3 Kg6 29. b3 Bd7 30. Bd1 Bxh3 31. Be2 Bg2 32. Rxh8 Rxh8 33. Bxb5 Rh2 34. Bd7 Qh8 35. Qe3 Qh4 36. N1e2 Nxe2+ 37. Nxe2 Rh1+ 38. Kb2 Rxa1 39. Kxa1 Qh1+ 40. Kb2 Bxf3 41. Bf5+ Kf6 42. Ka3 Qg2 43. Ng1 Bd1 44. Nh3 Nxf5 45. exf5 Bc2 46. Nf2 Bb1 47. Kb2 Bxf5 48. c4 g4 49. Kc3 g3 50. Qh6+ Bg6 51. Qh4+ Kg7 52. Ng4 Qf3+ 53. Kb2 Qe2+ 54. Ka3 Kf8 55. Qd8+ Kg7 56. Qf6+ Kf8 57. Qd8+ Kg7 58. Qf6+ Kh7 59. Qh4+ Kg8 60. Qd8+ Kh7 61. Qh4+ Kg8 62. Qd8+ Kg7 63. Qf6+ 1/2-1/2

[Event "Madrid San Viator op 20th"]
[Site "Madrid"]
[Date "2013.05.12"]
[Round "5"]
[White "Montesinos Hernandez, Alejandro"]
[Black "Olias Ruiz, Enrique"]
[Result "1-0"]
[WhiteElo "1498"]
[BlackElo "1398"]
[PlyCount "53"]
[EventDate "2013.04.07"]
[EventType "swiss"]
[EventRounds "9"]
[EventCountry "ESP"]
[SourceTitle "EXT 2014"]
[Source "ChessBase"]
[SourceDate "2013.11.20"]
[SourceVersion "1"]
[SourceVersionDate "2013.11.20"]
[SourceQuality "1"]

1. e4 e5 2. Nf3 Nc6 3. Bc4 Nf6 4. c3 a6 5. d3 h6 6. 0-0 b5 7. Bb3 Bb7 8. Be3 d5 9. exd5 Nxd5 10. Re1 g5 11. d4 e4 12. Ne5 Qd6 13. Nxc6 Bxc6 14. Qg4 Nf6 15. Qe2 Rh7 16. Nd2 0-0-0 17. a4 Kb7 18. axb5 Bxb5 19. c4 Bd7 20. c5 Qc6 21. Nc4 Qb5 22. Na5+ Ka7 23. Bc4 Qb4 24. Bxa6 Rb8 25. Bb7 Qb5 26. Nc6+ Kxb7 27. Qxb5+ 1-0

[Event "Madrid San Viator op 20th"]
[Site "Madrid"]
[Date "2013.04.14"]
[Round "2"]
[White "Andres Rodriguez, Florencio"]
[Black "Olias Ruiz, Enrique"]
[Result "1-0"]
[WhiteElo "1575"]
[BlackElo "1398"]
[PlyCount "103"]
[EventDate "2013.04.07"]
[EventType "swiss"]
[EventRounds "9"]
[EventCountry "ESP"]
[SourceTitle "EXT 2014"]
[Source "ChessBase"]
[SourceDate "2013.11.20"]
[SourceVersion "1"]
[SourceVersionDate "2013.11.20"]
[SourceQuality "1"]

1. d4 d5 2. c4 e6 3. Nc3 c6 4. e3 g6 5. Nf3 Bg7 6. a4 Nf6 7. b3 0-0 8. Qc2 Re8 9. cxd5 exd5 10. Be2 Bf5 11. Qd1 Qd6 12. Ba3 Qc7 13. Rc1 Na6 14. 0-0 Ng4 15. Nxd5 Qa5 16. Ne7+ Kh8 17. b4 Qc7 18. Nxf5 gxf5 19. Re1 Nb8 20. Z0 Nd7 21. h3 Ngf6 22. Bc4 Nb6 23. Qb3 Re7 24. Ng5 Nxc4 25. Qxc4 b5 26. Qc2 h6 27. Nf3 Re4 28. Qxc6 Qxc6 29. Rxc6 bxa4 30. Rec1 Nd5 31. Rc8+ Rxc8 32. Rxc8+ Kh7 33. Ra8 Re6 34. Rxa7 Kg6 35. Ne5+ Kf6 36. Rxf7+ Kg5 37. Rxg7+ Kh5 38. g4+ fxg4 39. hxg4+ Kh4 40. Nf3+ Kh3 41. g5 Kg4 42. Kg2 h5 43. Ne5+ Kf5 44. Kg3 Re8 45. g6 Kg5 46. Rf7 Nc3 47. g7 Ne4+ 48. Kf3 Nf6 49. Rf8 Re7 50. g8Q+ Nxg8 51. Rxg8+ Kh4 52. Ng6+ 1-0